000 00520cam a2200205ua 4500
001 6317
005 20260515114030.0
008 131128n ii |||gr||||Z||||||eng
020 _a978-81-92801-1-3
040 _cMAIN
082 _a657.95
245 _aCorporate accounting
_cBy B.B. Dam
260 _aGuwahati:
_bCapital publishing company,
_c2013.
300 _ax,4.85p.
653 _aCommerce
653 _aCorporate accountancy
700 _aDam,B.B.,
_eAuthor.,
700 1 _aGautam,H.C.,
_eAuthor.
942 _cBK
999 _c5464
_d5464